Video Games That Start With A - Statistics

General Stats
  • This quiz has been taken 77 times
  • The average score is 7 of 18
Answer Stats
Hint Game % Correct
Use a slingshot to launch irritated birds into fortresses made by green pigs. Angry Birds
90%
As Ellen Ripley's daughter, avoid and outsmart a single Xenomorph to survive. Alien: Isolation
63%
Do various tasks for anthropomorphic animals such as fishing or bug-catching. Animal Crossing
60%
Man uses a machine to view and control the memories of his ancestor in order to find an ancient artifact. Assassin's Creed
60%
Lead an ancient civilization beginning in the Stone Age and leading all the way to the Iron Age. Age of Empires
48%
To prevent a rewrite of history, capture as many apes as possible before they go back in time. Ape Escape
47%
Control a spaceship while dodging polygonal flying saucers. Asteroids
44%
Use your Gameboy Advance to take down an enemy army by capturing their headquarters. Advance Wars
34%
Novelist tries to uncover the mystery behind his wife's disappearance, while experiencing events from his latest novel. Alan Wake
32%
Regain your memory and control your sanity as you avoid monsters in a large, dark castle. Amnesia: The Dark Descent
29%
Two US mercenaries have to work together to take down various terrorist leaders. Army of Two
29%
Use your Nintendo DS to develop your art skills. Art Academy
29%
A third-person shooter whose sequel was the basis for the mod DayZ. ARMA: Armed Assault
26%
Private investigator checks out a haunted mansion that is full of undead creatures. Alone in the Dark
19%
Fly a wide range of aircraft vehicles during the aftermath of a huge meteor shower. Ace Combat Infinity
18%
In the future, most of earth's population has been destroyed, so for some reason you get to control giant robots. Armored Core
13%
Control God through the forms of an angel and a statue to reclaim your world from the devil. ActRaiser
11%
Rescue a princess from an evil witch doctor by eating lots of fruit and riding skateboards. Adventure Island
10%
No matching quizzes found
Score Distribution
Percent of People with Each Score
Percentile by Number Answered
Your Score History
You have not taken this quiz